Szombaton évzáró ünnepély az egyetemen [rövid hír]

Elmentve itt :
Bibliográfiai részletek
Dokumentumtípus: Cikk
Megjelent: 1950-06-16
Sorozat:Délmagyarország
Kulcsszavak:Trencsényi-Waldapfel Imre, Mészöly Gedeon, Fodor Gábor, Tanévzáró Szegedi Egyetem 1950
Online Access:http://dmarchiv.bibl.u-szeged.hu/34883
LEADER 00498nab a2200145 i 4500
001 delm34883
005 20180927112849.0
008 180927s1950 hu o 0|| hun d
040 |a SZTE Délmagyarország Archívum  |b hun 
041 |a hun 
245 0 0 |a Szombaton évzáró ünnepély az egyetemen   |h [elektronikus dokumentum] :  |b [rövid hír] 
260 |c 1950-06-16 
300 |a 6 
490 0 |a Délmagyarország 
695 |a Trencsényi-Waldapfel Imre, Mészöly Gedeon, Fodor Gábor, Tanévzáró Szegedi Egyetem 1950